समाजशास्‍त्रीय सिध्‍दांत (Record no. 29975)

MARC details
000 -LEADER
fixed length control field 00471nam a2200169Ia 4500
008 - FIXED-LENGTH DATA ELEMENTS--GENERAL INFORMATION
fixed length control field 220531s9999 xx 000 0 und d
041 ## - LANGUAGE CODE
Language code of text/sound track or separate title mar
100 ## - MAIN ENTRY--PERSONAL NAME
Personal name मुळे कमल. संपा.
9 (RLIN) 51517
245 ## - TITLE STATEMENT
Title समाजशास्‍त्रीय सिध्‍दांत
250 ## - EDITION STATEMENT
Edition statement 1ST
260 ## - PUBLICATION, DISTRIBUTION, ETC. (IMPRINT)
Place of publication, distribution, etc. Aurangabad
Name of publisher, distributor, etc. Vichar
Date of publication, distribution, etc. 2005
300 ## - PHYSICAL DESCRIPTION
Extent 274
542 ## - INFORMATION RELATING TO COPYRIGHT STATUS
Copyright holder 18-02-2008
650 ## - SUBJECT ADDED ENTRY--TOPICAL TERM
Topical term or geographic name as entry element Sociology
9 (RLIN) 51518
906 ## - LOCAL DATA ELEMENT F, LDF (RLIN)
d 2007-2008
Holdings
Withdrawn status Lost status Damaged status Not for loan Collection code Home library Current library Date acquired Vendor Cost, normal purchase price Total Checkouts Total Holds Full call number Barcode Date last seen Bill Date Koha item type Original Barcode
          Shri Siddhivinayak Mahila Mahavidyalaya Shri Siddhivinayak Mahila Mahavidyalaya 18/02/2008 Diamand 200.00   1 /-/B/10971/10971 SSMM-BK-10971 06/08/2022 06/08/2022 Books 10010971